| 000 | 00673nam a22002057a 4500 | ||
|---|---|---|---|
| 003 | koha_MIRAKIL | ||
| 005 | 20231213095954.0 | ||
| 008 | 231213b |||||||| |||| 00| 0 ||| d | ||
| 020 | _b978-9-75344148-3 | ||
| 040 |
_aTR-IsEVY _btur _cTR-IsEVY |
||
| 082 | _a320.5320945 GRA/H | ||
| 100 | _aAntonio Gramsci ; çev. Adnan Cemgil. | ||
| 245 | 0 |
_aHapishane defterleri _bfelsefe ve politika sorunlarıseçmeler |
|
| 250 | _a7. bs. | ||
| 260 |
_bBelge Yayınları, _c2014 |
||
| 300 | _a336 s. | ||
| 650 | _aGramsci, Antonio, -- 1891-1937 -- Defterler, taslak kitaplar, vb. | ||
| 650 | _aGramsci, Antonio, -- 1891-1937 -- Notebooks, sketchbooks, etc. | ||
| 942 |
_2ddc _cBK |
||
| 999 |
_c12433 _d12433 |
||